Statistiken für Bester junger Spieler bei der FIFA Weltmeisterschaft

Klicken Sie hier um das Quiz zu spielen!

Allgemein

  • Dieses Quiz wurde 90 mal gespielt
  • Das Durchschnittsergebnis liegt bei 6 aus 16

Antwortstatistiken

JahreLandAlterBester junger Spieler% Korrekt
2018Frankreich19Kylian Mbappe
98%
2010Deutschland20Thomas Müller
86%
2006Deutschland21Lukas Podolski
80%
1958Brasilien17Pelé
75%
2014Frankreich21Paul Pogba
62%
2002Vereinigte Staaten20Landon Donovan
59%
1998England18Michael Owen
51%
1966West Deutschland20Franz Beckenbauer
47%
1970Peru21Teófilo Cubillas
17%
1986Belgien20Enzo Scifo
15%
1974Polen20Władysław Żmuda
12%
1994Niederlande21Marc Overmars
12%
1962Ungarn20Flórián Albert
10%
1990Jugoslawien21Robert Prosinečki
9%
1982Frankreich21Manuel Amoros
5%
1978Italien20Antonio Cabrini
4%

Verteilung der Resultate

Perzentil nach korrekt beantworteten Fragen

Anzahl Personen mit jedem Resultat

Ihre Resultats-Entwicklung

Sie haben dieses Quiz noch nicht gespielt